00589 2200229 4500001002100000005001700021006001900038008004100057020002200098035002500120082000800145090001400153100003200167245003300199250001000232260002700242990001800269990001800287990001800305990001800323990001800341INLIS00000000001182420160730142438.0a ||| | 180719| ||| |  a978-979-29-3457-1 a0010-0716000000002360 a650 a650 ALI b0 aALI AKBAR & EKO PRIYO UTOMO00aBESAR PASAK DARIPADA TIANG ? aCET.1 aYOGYAKARTAbANDIc2013 a15227/PC/2016 a15227/PC/2016 a15228/PC/2016 a15227/PC/2016 a15228/PC/2016